The Deductive Foundations of Computer Programming : A One-Volume Version of "The Logical Basis for Computer Programming"

Gespeichert in:
Bibliographische Detailangaben
Hauptverfasser: Manna, Zohar (Verfasst von), Waldinger, Richard (Verfasst von)
Format: Buch
Sprache:Englisch
Veröffentlicht: Reading : Addison-Wesley Publishing Company, 1993
Tags: Tag hinzufügen
Keine Tags, Fügen Sie das erste Tag hinzu!

MARC

LEADER 00000nam a22000003a 4500
001 stu295481
005 20150617230259.9
008 140821s--------uk------------------eng-d
020 |a 0-201-54886-0 
040 |a STU  |b slo 
041 0 |a eng 
044 |a uk 
100 1 |a Manna, Zohar  |4 aut 
245 1 |a The Deductive Foundations of Computer Programming :  |b A One-Volume Version of "The Logical Basis for Computer Programming" 
260 |a Reading :  |b Addison-Wesley Publishing Company,  |c 1993 
300 |a 717 s 
700 1 |a Waldinger, Richard  |4 aut 
996 |b 284IZ00570  |c I*21TP10387  |l II680  |s A  |a 24  |w stu295481_0001